Estadísticas para Países más Ricos que sus Vecinos

Haz click aquí para tomar la prueba!

Estadísticas generales

  • Esta prueba ha sido tomada 1.356 veces
  • La puntuación promedio es 15 de 30

Estadísticas de respuestas

PIB per cápita# de fronterasPaís% Correcto
57,3002Estados Unidos
95%
37,9001Corea del Sur
73%
69,3003Noruega
73%
24,0003Chile
71%
102,0003Luxemburgo
70%
129,7001Catar
68%
78,7001Mónaco
68%
67,7002Emiratos Árabes
Unidos
64%
89,4002Liechtenstein
64%
22,8002Panamá
62%
37,2002Andorra
61%
65,3001San Marino
59%
34,8004Israel
57%
15,9001República Dominicana
57%
69,4001Irlanda
55%
79,7001Brunéi
50%
26,8004Grecia
50%
21,6002Uruguay
48%
71,3002Kuwait
46%
15,0005Argelia
44%
6,4004Nigeria
44%
50,8002Países Bajos
43%
3,3005Kenia
36%
29,5002Estonia
35%
16,9003Botsuana
31%
29,9004Lituania
28%
8,3002El Salvador
25%
4,3003Ghana
25%
38,7002Guinea Ecuatorial
23%
3,3003Yibuti
20%

Distribución de puntuación

Porcentaje por número respondido

Porcentaje de gente con cada puntuación

Historial de tus puntuaciones

No has tomado esta prueba